000 00618cam a2200181 4500500
005 20260329002221.0
041 _afre
042 _adc
100 1 0 _aCharnay, Julien
_eauthor
245 0 0 _aFrederick Kaufman. « Pour les Américains, chaque bouchée peut vous livrer aux flammes de l’enfer »
260 _c2011.
500 _a49
690 _aAmérique
690 _aConsumérisme
690 _aPuritanisme
786 0 _nPhilosophie magazine | 50 | 6 | 2011-06-01 | p. 15-15 | 1951-1787
856 4 1 _uhttps://shs.cairn.info/magazine-philosophie-magazine-2011-6-page-15?lang=fr&redirect-ssocas=7080
999 _c1812828
_d1812828